Normal view MARC view

Entry Topical Term

Number of records used in: 1

001 - CONTROL NUMBER

  • control field: 27411

003 - CONTROL NUMBER IDENTIFIER

  • control field: OSt

005 - DATE AND TIME OF LATEST TRANSACTION

  • control field: 20260605155636.0

008 - FIXED-LENGTH DATA ELEMENTS

  • fixed length control field: 260605|| aca||aabn | a|a d

040 ## - CATALOGING SOURCE

  • Original cataloging agency: OSt
  • Transcribing agency: OSt

150 ## - HEADING--TOPICAL TERM

  • Topical term or geographic name entry element: Mathematics-Study and teaching (preschool)

670 ## - SOURCE DATA FOUND

  • Source citation: Work cat.: (OSt)23417: Shumway Jessica F. 27187, Number Sense Routines: Building Numerical Literacy Every Day in , 2011

Powered by Koha